000 00345nam a2200157Ia 4500
003 OSt
005 20240312105224.0
008 170523s9999 xx 000 0 und d
020 _a978-0133874037
040 _ciimtu meerut
100 _aFRASR- ORMISTON
245 0 _aFINANCIAL STATEMENTS
260 _bPHI
260 _c2004
942 _2ddc
_c02
999 _c1496
_d1496